| 000 | 00899nam a22001697a 4500 | ||
|---|---|---|---|
| 008 | 100210s1965 nyu|||||r|||| 001 0 eng d | ||
| 082 |
_222 _a327.73047 _bDET |
||
| 245 |
_aDeĢtente; Cold War Strategies in Transition/ _cEdited by Eleanor Lansing Dulles and Robert Dickson Crane, with the assistance of Mary Catherine McCarthy. Pref. by Arleigh Burke. Foreword by Robert Murphy. |
||
| 260 |
_aNew York: _b F.A. Praeger, 1965 _c1965 |
||
| 300 |
_ax, 307 p. ; _c22 cm. |
||
| 500 | _aDonated by: Alaa Abdel Ghany | ||
| 651 |
_910519 _aUnited States _x--Foreign relations _z--Soviet Union |
||
| 651 |
_910461 _aSoviet Union _xRelations _zUnited States. |
||
| 700 |
_911165 _aDulles, Eleanor Lansing |
||
| 942 |
_2ddc _cBB |
||
| 999 |
_c13336 _d13336 |
||